000 00800nas a2200229 4500
001 BR7306032
003 BR-BrBNA
005 20231205082553.0
007 ta
008 230509b bl.|||p| |||| 00| 00por d
040 _aBR-BrBNA
_bpor
_cBiblioteca Nacional de Agricultura
041 _a(Pt)
072 _aH10
100 1 _aFonseca, J.P. da
245 1 _aTres novas especies de coccideos do Brasil (Homoptera-Coccoidea)[Myrtaceae, Solanacia, soja, Glycine hispida, Sao Paulo, Lecanium para deformosun, Tachardiella nigra, Pseudoparlatoria constricta]
650 _aCOCCIDEO
650 _aSOJA
650 _aSAO PAULO
773 0 _tArquivos do Instituto Biologico (Brazil)
_xISSN 0020-3653
_g(1975), v. 42 p. 79-84
_wBR7306032
909 _a202311
_bLúcia
_c55
_dLúcia Elande
942 _2AGRIS
_n0
_cANA
999 _c92882
_d92882